| 000 | 00456nam a22001697a 4500 | ||
|---|---|---|---|
| 003 | NUST - PNEC | ||
| 005 | 20170116181116.0 | ||
| 008 | 151004b xxu||||| |||| 00| 0 eng d | ||
| 020 | _a0131101307 | ||
| 040 | _cLIBRARY | ||
| 082 | _a670.2854 GRO | ||
| 100 |
_913214 _aGroover, Mikell P |
||
| 245 |
_aCAD/CAM : computer-aided design and manufacturing _cMikell P Groover |
||
| 260 | _cc.1984 | ||
| 650 |
_913218 _aCAD/CAM systems _xMIS |
||
| 942 |
_2ddc _cBK |
||
| 999 |
_c69333 _d69333 |
||